Computer Organization and Assembly Language Programming for the PDP-11 and VAX-11

Na minha lista:
Detalhes bibliográficos
Autor principal: Lin, Wen C.
Formato: Livro
Idioma:inglês
Publicado em: New York Harper and Row 1985
Edição:1. ed.
Tags: Adicionar Tag
Sem tags, seja o primeiro a adicionar uma tag!

MARC

LEADER 00000nam a2200000 4500
001 c030262
005 20221220081653.5
041 0 |a eng 
044 |a US 
245 1 0 |a Computer Organization and Assembly Language Programming for the PDP-11 and VAX-11  |c Wen C. Lin 
250 |a 1. ed. 
264 1 |a New York  |b Harper and Row  |c 1985 
300 |a 371 s. 
100 1 |a Lin, Wen C.